01714nam a22002297a 450000500170000000800410001702000150005804000070007304100080008008200210008810000200010924500610012926000490019030000310023936500240027052010700029465000380136465000230140265000200142565000190144570000200146420211106114421.0211106b ||||| |||| 00| 0 eng d a8174764917 cAL aeng 223a623.45bSABI aSABHERWAL (O P) aIndia's Tryst with The Atom: Unfolding the Nuclear Story aNew DelhibUBS Publishers Pvt LtdcNew Delhi axxiv,396 p.bHBc22x14 cm. b525.00c₹d525.00 aIndia'S Tryst With The Atom Is The First Comprehensive Book On India'S Nuclear Programme - Peaceful Applications As Well As The Nuclear Weapon Option. The Book Gives An Overview Of The Indian Nuclear Scenario - The Confluence Of Nehru And Bhabha Which Laid A Sound Foundation; An Umbrella Organization For Nuclear Technology Acquisitions, Freed From Bureaucratic Tentacles, Where Science Was In Command; Building Nuclear Infrastructure And A Chain Of R & D Centres For Advanced Nuclear Technologies, Round Which India'S Nuclear Edifice Has Been Built. The Book Gives An Insight Into What It Calls Disentangling Advanced Science And Technology From Political Manipulations, Nuclear Diplomacy, And The Games Played By The Big Powers To Impede India'S Nuclear Quest. The Book Is The Story Of A Nuclear Dream Come True. The Book Unfolds Indian Nuclear Establishment'S Great Work In Bending Nuclear Technology For Indian Humanity - In Medicine, Agriculture And Food Preservation, Hydrology, Water Management, And For Providing Cutting Edge Technology To Indian Industry. aMilitary And Nautical Engineering aNuclear Technology aNuclear Weapons aNuclear Energy aSABHERWAL (O P)